000 00269nam a22001097a 4500
008 240529b |||||||| |||| 00| 0 eng d
100 _aNarayan, Shyam
_914810
245 _aMaak Bina Raabel
260 _aBombay:
_bLok Sewa Mandal;
_c1968.
300 _a122p.
942 _cBK
999 _c38249
_d38249